<?xml version="1.0" encoding="UTF-8"?>
<collection xmlns="http://www.loc.gov/MARC21/slim">
 <record>
  <leader>00514nam a22001695a 4500</leader>
  <controlfield tag="001">CEM.cems002268</controlfield>
  <controlfield tag="005">20060216000000.0</controlfield>
  <controlfield tag="008">130507s1966##################000#0#####d</controlfield>
  <controlfield tag="003">CEMS</controlfield>
  <datafield tag="082" ind1="0" ind2="4">
   <subfield code="a">923</subfield>
  </datafield>
  <datafield tag="100" ind1="1" ind2=" ">
   <subfield code="a">Entraigas, Raúl A</subfield>
  </datafield>
  <datafield tag="245" ind1="1" ind2="0">
   <subfield code="a">Piedra buena; caballero del mar /</subfield>
   <subfield code="c">Raúl A Entraigas</subfield>
  </datafield>
  <datafield tag="260" ind1=" " ind2=" ">
   <subfield code="a">Buenos Aires :</subfield>
   <subfield code="b">Secretar¡a de Estado de Marina,</subfield>
   <subfield code="c">1966</subfield>
  </datafield>
  <datafield tag="300" ind1=" " ind2=" ">
   <subfield code="a">443 p.</subfield>
  </datafield>
  <datafield tag="653" ind1=" " ind2=" ">
   <subfield code="a">Biografias</subfield>
  </datafield>
  <datafield tag="653" ind1=" " ind2=" ">
   <subfield code="a">Piedra buena, luis-biograf.</subfield>
  </datafield>
  <datafield tag="859" ind1=" " ind2=" ">
   <subfield code="a">CEMS</subfield>
   <subfield code="b">BIB. CEMS - 11 de abril</subfield>
   <subfield code="h">923</subfield>
   <subfield code="i">P712e</subfield>
   <subfield code="p">9838.81</subfield>
   <subfield code="t">Ej.1</subfield>
  </datafield>
 </record>
</collection>
